Kasih di sudut hati

Bibliographic Details
Main Author: Noorazian Abd.Ghani
Format: Book
Published: K.L : Creative Enterprise , 1995
Subjects:

MARC

LEADER 00000cam a2200000 7i4500
001 0000006611
002 000007132
005 20000330.0
020 |a 983893187X 
090 0 0 |a YF   |b NOO 
100 0 |a Noorazian Abd.Ghani 
245 1 0 |a Kasih di sudut hati   |c Noorazian Abd.Ghani 
260 |a K.L :   |b Creative Enterprise ,   |c 1995 
300 |a 143p. ;   |c 17cm. 
650 0 0 |a Malay fiction 
999 |a 038380   |b BUKU   |c YOUTH FICTION   |e PERPUSTAKAAN KOMUNITI PETALING JAYA 
999 |a 038381   |b BUKU   |c YOUTH FICTION   |e PERPUSTAKAAN KOMUNITI PETALING JAYA